| 000 | 00362 a2200157 4500 | ||
|---|---|---|---|
| 001 | 156926 | ||
| 020 | _a8508042116 | ||
| 040 | _cEscola São Tomás de Aquino | ||
| 100 | _aGEWANDSZNAJDER, Fernando | ||
| 240 | 1 | 0 |
_aSexo e reprodução _lpor |
| 245 | 1 | 0 | _aSexo e reprodução |
| 300 | _a56 p. | ||
| 362 | 0 | _a1995 | |
| 697 | _aEducação sexual | ||
| 942 | _cBK | ||
| 999 |
_c156926 _d156926 |
||